| 000 | 00548nam a2200217Ia 4500 | ||
|---|---|---|---|
| 003 | OSt | ||
| 005 | 20220923230907.0 | ||
| 006 | a|||||r|||| 00| 0 | ||
| 007 | ta | ||
| 008 | Pun | ||
| 024 | _a306,270 | ||
| 037 | _cTextual | ||
| 040 |
_aARTS _cARTS _bPun |
||
| 041 |
_2Pun _aPun |
||
| 082 | _aQ8441xF73, 153L8 | ||
| 100 | _aਸੀਤਲ, ਜੀਤ ਸਿੰਘ | ||
| 245 | 0 | _aFੇ॥ ਖ਼ਰੀਦ | |
| 260 | _c1978 | ||
| 942 |
_hQ8441xF73, 153L8 _cTEXL _2CC |
||
| 999 |
_c388056 _d388056 |
||